| 000 | 00665nam a2200217Ii 4500 | ||
|---|---|---|---|
| 003 | JO-AjNU | ||
| 008 | 230606s9999||||xx |||||||||||||| ||und|| | ||
| 020 | _a978-9948-455-08-0 | ||
| 040 |
_aJO-AjNU _beng _erda _cJO-AjNU |
||
| 041 | _aeng | ||
| 050 | 1 | 4 | _aBP190.5 2014 |
| 100 | 3 |
_aKillawi, Rami Lutfi, _eauthor _93623 |
|
| 245 | 0 | 0 | _aSustainable Development from Islamic Perspective |
| 250 | _aFirst Edition | ||
| 264 | 3 | 1 | _aDubai: Islamic Affairs& Charitable Activities Department,2014 |
| 300 | _a72p | ||
| 336 |
_atext _btxt _2rdacontent |
||
| 337 |
_aunmediated _bn _2rdamedia |
||
| 338 |
_avolume _bnc _2rdacarrier |
||
| 650 | 4 |
_aDevelopment Islamic _93624 |
|
| 999 |
_aE1890 _c1890 _d1890 |
||